रामदरश मिश्र : (Record no. 113407)

MARC details
000 -LEADER
fixed length control field 01051nam a22002537a 4500
005 - DATE AND TIME OF LATEST TRANSACTION
control field 20170124102952.0
010 ## - LIBRARY OF CONGRESS CONTROL NUMBER
LC control number B-138023
020 ## - INTERNATIONAL STANDARD BOOK NUMBER
Terms of availability 250.00
International Standard Book Number 8181432088
035 ## - SYSTEM CONTROL NUMBER
System control number B-138023
037 ## - SOURCE OF ACQUISITION
Source of stock number/acquisition Cen Lib/Ret
040 ## - CATALOGING SOURCE
Original cataloging agency DPL
Language of cataloging HN
082 ## - DEWEY DECIMAL CLASSIFICATION NUMBER
Classification number 820.8
Item number प्रकाश
100 ## - MAIN ENTRY--PERSONAL NAME
Personal name प्रकाश मनु
9 (RLIN) 3694
245 ## - TITLE STATEMENT
Title रामदरश मिश्र :
Statement of responsibility, etc प्रकाश मनु
Remainder of title एक अंतर्यात्रा /
246 ## - VARYING FORM OF TITLE
Title proper/short title Ramdarash Mishra : ek antaryatra /
Remainder of title by Prakash Manu
260 ## - PUBLICATION, DISTRIBUTION, ETC. (IMPRINT)
Place of publication, distribution, etc नयी दिल्ली
Name of publisher, distributor, etc वाणी प्रकाशन
Date of publication, distribution, etc 2004
270 ## - ADDRESS
City नयी दिल्ली
Address 21-ए, दरियागंज
Postal code 110002
300 ## - PHYSICAL DESCRIPTION
Extent 183पृ.
Dimensions 21सेमी(सजिल्द)
650 ## - SUBJECT ADDED ENTRY--TOPICAL TERM
Topical term or geographic name as entry element हिन्दी -- साहित्य
9 (RLIN) 52107
650 ## - SUBJECT ADDED ENTRY--TOPICAL TERM
Topical term or geographic name as entry element हिन्दी -- कहानियां
9 (RLIN) 52108
650 ## - SUBJECT ADDED ENTRY--TOPICAL TERM
Topical term or geographic name as entry element Hindi -- literature
9 (RLIN) 52109
650 ## - SUBJECT ADDED ENTRY--TOPICAL TERM
Topical term or geographic name as entry element Hindi - Stories
9 (RLIN) 52110
942 ## - ADDED ENTRY ELEMENTS (KOHA)
Source of classification or shelving scheme Dewey Decimal Classification
Koha item type Hindi Books
Classification part 820.8
Call number suffix प्रकाश
Holdings
Withdrawn status Lost status Damaged status Not for loan Home library Current library Date acquired Source of acquisition Cost, normal purchase price Total Checkouts Full call number Barcode Date last seen Copy number Cost, replacement price Price effective from Koha item type
        Central Library Central Library 12/08/2015 Cen Lib/Ret 250.00   820.8 प्रकाश B-138023 12/08/2015 1 250.00 12/08/2015 Hindi Books

© Delhi Public Library
Hit Counter
free hit counter